00353 a2200121 4500001000900000005001700009008004100026245001800067100002400085700002700109773007800136999001700214ART_222620260410161724.0260409a 10aInformática1 aTesoro, José Luis1 aSaroka, Raúl Horacio0 tAdministración de empresasg- Año XVIII, Nº 213 (dic. 1987)wREV2036 c17199d17199